00950nam a2200277 a 450000100060000000300080000600500170001400800390003102000170007003500140008704000320010104100080013308200250014110000300016624500730019625000130026926000420028230000340032450400530035865000270041165000290043870000420046794200120050999900170052195201340053837109BD-RjUL20211209052558.0141015s1976 enka b 001 0 eng a0582441536 : a(BD-RjUL) aDLCcDLCdDLCdBD-RjULbeng aeng00a581.610913bCOI 19761 aCobley, Leslie S.911346413aAn introduction to the botany of tropical crops /cLeslie S. Cobley. a2d ed. / aLondon ;aNew York :bLongman,c1976. axvi, 371 p. :bill. ;c22 cm. aIncludes bibliographical references and indexes. 0aTropical crops.944431 0aBotanyxTropics.91134651 aSteele, W. M.,ejoint author.9113466 2ddccBK c37109d37109 00102ddc4071aIBScbIBSccStackd2014-10-15eBritish Councill0o581.610913 COI 1976r2014-10-15 00:00:00tC-1w2014-10-15yBK